| 000 | 00521nam a2200181Ia 4500 | ||
|---|---|---|---|
| 999 |
_c13562 _d13562 |
||
| 003 | OSt | ||
| 005 | 20201023123309.0 | ||
| 008 | 190216s9999||||xx |||||||||||||| ||und|| | ||
| 020 | _a5050024498 | ||
| 040 | _coclc | ||
| 082 |
_a891.733 _bTOL/T |
||
| 100 |
_aTolstoy, Lev _95775 |
||
| 245 | 0 |
_aTales Of Sevastopol The Cossacks / _cLev Tolstoy |
|
| 260 |
_bRaduga Publishers , _c1989. _aMoscow: |
||
| 300 | _a336p | ||
| 650 | _aEnglish Stories | ||
| 942 |
_cBK _2ddc _h891.733 _iTOL/T _k891.733 _mTOL/T |
||